000 00564nam a2200229 i 4500
001 C2-0244278
003 PPAK
005 20180727205553.0
008 021123s1983 xx a|||| ||||| | eng d
020 _a0516065912
040 _aPPAK
_beng
_cPPAK
_erda
082 0 4 _a031.02
_223
090 0 0 _a031.02
_bREE
_dK
100 1 _aReece, Colleen L,
_eauthor
245 1 0 _aWhat
264 1 _c1983
300 _a31 pages :
_billustrations ;
_c24 cm
336 _2rdacontent
_atext
337 _2rdamedia
_aunmediated
338 _2rdacarrier
_avolume
942 _ddc
_cB
999 _c58505
_d58505